Statistics for Draw all US, Canada and Mexico subdivision borders

Click here to take the quiz!

General Stats

  • This quiz has been taken 4,650 times
    (4,640 since last reset)
  • The average score is 181 of 307

Answers on the Map

Answers color-coded by a green-red scale on the quiz's map according to % correct below.
Loading ...
 

Answer Stats

Border% Correct
British Columbia-Washington
82%
California-Nevada
80%
British Columbia-Idaho
80%
Alaska-Yukon Territory
80%
Arizona-California
79%
California-Pacific Ocean
79%
California-Oregon
79%
Alberta-Montana
79%
British Columbia-Montana
79%
Alaska-Pacific Ocean
79%
Baja California-Gulf Of California
79%
Baja California-California
79%
Oregon-Pacific Ocean
78%
Alberta-British Columbia
78%
Pacific Ocean-Washington
78%
Oregon-Washington
78%
Idaho-Montana
77%
Ontario-Quebec
77%
Arizona-New Mexico
77%
Arizona-Nevada
77%
Idaho-Oregon
77%
British Columbia-Pacific Ocean
77%
Idaho-Washington
77%
New Mexico-Texas
77%
British Columbia-Yukon Territory
76%
Nevada-Utah
76%
Nevada-Oregon
76%
Montana-Saskatchewan
76%
Michigan-Ontario
76%
Idaho-Nevada
76%
Maine-Quebec
76%
Colorado-Utah
76%
Lake Ontario-New York
76%
Manitoba-North Dakota
75%
Idaho-Utah
75%
Gulf of Mexico-Texas
75%
New York-Ontario
75%
Florida-Georgia
75%
New York-Quebec
75%
Lake Michigan-Wisconsin
75%
Alberta-Saskatchewan
75%
Louisiana-Texas
75%
Arizona-Utah
75%
Colorado-New Mexico
75%
North Dakota-Saskatchewan
75%
Oklahoma-Texas
75%
Minnesota-Ontario
75%
Atlantic Ocean-Florida
75%
Manitoba-Ontario
75%
Colorado-Wyoming
74%
Montana-Wyoming
74%
Montana-South Dakota
74%
Montana-North Dakota
74%
Minnesota-Wisconsin
74%
Manitoba-Saskatchewan
74%
Florida-Gulf of Mexico
74%
Idaho-Wyoming
74%
Manitoba-Minnesota
74%
New Hampshire-Quebec
74%
Atlantic Ocean-Georgia
74%
Atlantic Ocean-Maine
74%
Atlantic Ocean-South Carolina
74%
Quebec-Vermont
74%
Arkansas-Texas
74%
North Dakota-South Dakota
74%
Utah-Wyoming
74%
Indiana-Lake Michigan
73%
Alaska-Arctic Ocean
73%
Georgia-South Carolina
73%
Kentucky-Tennessee
73%
Kansas-Oklahoma
73%
Minnesota-North Dakota
73%
Alberta-Northwest Territories
73%
Minnesota-South Dakota
73%
Colorado-Kansas
73%
New Jersey-New York
73%
Illinois-Lake Michigan
73%
Colorado-Nebraska
73%
Atlantic Ocean-North Carolina
73%
Colorado-Oklahoma
73%
Alabama-Mississippi
73%
Alabama-Gulf of Mexico
73%
Alabama-Georgia
73%
Atlantic Ocean-Virginia
73%
New York-Pennsylvania
73%
Louisiana-Mississippi
73%
British Columbia-Northwest Territories
73%
Gulf of Mexico-Louisiana
73%
South Dakota-Wyoming
72%
New Hampshire-Vermont
72%
Georgia-Tennessee
72%
Kansas-Nebraska
72%
Indiana-Ohio
72%
Indiana-Michigan
72%
Gulf of Mexico-Mississippi
72%
Illinois-Indiana
72%
Alabama-Tennessee
72%
Alabama-Florida
72%
Kansas-Missouri
72%
Arkansas-Mississippi
72%
Maine-New Hampshire
72%
Michigan-Wisconsin
72%
New Mexico-Oklahoma
72%
North Carolina-South Carolina
72%
North Carolina-Virginia
72%
Nebraska-Wyoming
72%
Nebraska-South Dakota
72%
Atlantic Ocean-New Jersey
72%
Mississippi-Tennessee
72%
Arkansas-Louisiana
72%
Atlantic Ocean-Massachusetts
72%
Atlantic Ocean-Maryland
72%
Illinois-Iowa
72%
Arkansas-Oklahoma
72%
Arkansas-Tennessee
72%
Ohio-Pennsylvania
72%
Northwest Territories-Yukon Territory
72%
Michigan-Ohio
71%
Northwest Territories-Nunavut
71%
New York-Vermont
71%
North Carolina-Tennessee
71%
Kentucky-West Virginia
71%
Illinois-Kentucky
71%
Manitoba-Nunavut
71%
Kentucky-Ohio
71%
Illinois-Missouri
71%
Massachusetts-New York
71%
Illinois-Wisconsin
71%
Indiana-Kentucky
71%
Northwest Territories-Saskatchewan
71%
Missouri-Oklahoma
71%
Iowa-Minnesota
71%
Maryland-Virginia
71%
Iowa-Nebraska
71%
Iowa-South Dakota
71%
Kentucky-Missouri
71%
Iowa-Missouri
71%
Virginia-West Virginia
71%
Atlantic Ocean-New York
71%
Arctic Ocean-Yukon Territory
71%
Georgia-North Carolina
71%
Atlantic Ocean-Rhode Island
71%
Atlantic Ocean-Delaware
71%
Arkansas-Missouri
71%
Tennessee-Virginia
70%
Ohio-West Virginia
70%
Iowa-Wisconsin
70%
Pennsylvania-West Virginia
70%
Connecticut-New York
70%
Arctic Ocean-Northwest Territories
70%
Missouri-Nebraska
70%
Missouri-Tennessee
70%
Massachusetts-New Hampshire
69%
Atlantic Ocean-Connecticut
69%
Lake Michigan-Michigan
69%
Maryland-Pennsylvania
69%
Connecticut-Massachusetts
69%
Alaska-British Columbia
69%
Kentucky-Virginia
69%
Atlantic Ocean-Newfoundland
68%
Arctic Ocean-Nunavut
68%
Delaware-Maryland
68%
Massachusetts-Vermont
68%
Atlantic Ocean-Quebec
68%
Massachusetts-Rhode Island
68%
Quebec-Newfoundland
68%
Baja California-Pacific Ocean
68%
New Jersey-Pennsylvania
68%
Lake Erie-Ohio
68%
Lake Erie-Pennsylvania
67%
Lake Erie-New York
67%
Lake Superior-Minnesota
67%
Atlantic Ocean-New Hampshire
67%
Connecticut-Rhode Island
67%
Maine-New Brunswick
67%
Hudson Bay-Quebec
67%
Hudson Bay-Ontario
67%
Chihuahua-Texas
67%
Lake Superior-Ontario
66%
Lake Superior-Wisconsin
66%
Lake Huron-Michigan
66%
Maryland-West Virginia
66%
Lake Erie-Ontario
66%
Hudson Bay-Manitoba
66%
Hawaii-Pacific Ocean
66%
Lake Erie-Michigan
66%
Hudson Bay-Nunavut
65%
Chihuahua-New Mexico
64%
Atlantic Ocean-Nova Scotia
64%
Lake Superior-Michigan
64%
Atlantic Ocean-New Brunswick
63%
Lake Huron-Ontario
63%
New Brunswick-Quebec
63%
Atlantic Ocean-Prince Edward Island
61%
Delaware-Pennsylvania
60%
Lake Ontario-Ontario
59%
Arizona-Sonora
58%
New Brunswick-Nova Scotia
57%
Baja California Sur-Pacific Ocean
54%
Chihuahua-Sonora
52%
Baja California-Sonora
51%
Baja California-Baja California Sur
51%
Gulf Of California-Sonora
51%
Gulf of Mexico-Yucatan
50%
New Mexico-Sonora
50%
Delaware-New Jersey
50%
Maryland-District of Columbia
49%
Nuevo Leon-Texas
49%
Coahuila-Texas
48%
Baja California Sur-Gulf Of California
48%
Virginia-District of Columbia
47%
Arizona-Baja California
47%
Tamaulipas-Texas
46%
Gulf of Mexico-Veracruz
44%
Chihuahua-Coahuila
44%
Gulf of Mexico-Tamaulipas
43%
Manitoba-Northwest Territories
43%
Chihuahua-Durango
42%
Sinaloa-Sonora
42%
Chihuahua-Sinaloa
41%
Nuevo Leon-Tamaulipas
41%
Pacific Ocean-Sinaloa
41%
Coahuila-Nuevo Leon
41%
Oaxaca-Pacific Ocean
41%
Jalisco-Pacific Ocean
40%
Quintana Roo-Yucatan
40%
Gulf of Mexico-Quintana Roo
40%
Gulf Of California-Sinaloa
40%
New Mexico-Utah
39%
Arizona-Colorado
39%
Gulf of Mexico-Tabasco
39%
Durango-Sinaloa
39%
Coahuila-Durango
38%
Chiapas-Pacific Ocean
38%
Chiapas-Guatemala
37%
Campeche-Gulf of Mexico
37%
Campeche-Yucatan
37%
Nayarit-Pacific Ocean
37%
Chiapas-Oaxaca
37%
Caribbean Sea-Quintana Roo
36%
Mexico-Puebla
36%
Tamaulipas-Veracruz
36%
Guerrero-Pacific Ocean
36%
Belize-Quintana Roo
36%
Oaxaca-Veracruz
35%
Guerrero-Oaxaca
35%
Nayarit-Sinaloa
35%
Chiapas-Tabasco
35%
Campeche-Tabasco
35%
Campeche-Quintana Roo
35%
Durango-Zacatecas
35%
Durango-Nayarit
34%
Jalisco-Nayarit
34%
Tabasco-Veracruz
34%
Nunavut-Saskatchewan
34%
Colima-Pacific Ocean
34%
Michoacan-Pacific Ocean
34%
Coahuila-Zacatecas
34%
Puebla-Veracruz
34%
Campeche-Guatemala
34%
Colima-Jalisco
33%
Chiapas-Veracruz
33%
San Luis Potosi-Tamaulipas
33%
Nuevo Leon-San Luis Potosi
33%
Oaxaca-Puebla
33%
Hidalgo-Mexico
32%
Mexico-Mexico City DF
32%
San Luis Potosi-Veracruz
32%
Jalisco-Michoacan
32%
Hidalgo-Veracruz
32%
Lake St Clair-Michigan
32%
Guatemala-Tabasco
32%
Guerrero-Michoacan
32%
Guerrero-Puebla
31%
Colima-Michoacan
31%
Guerrero-Mexico
31%
Jalisco-Zacatecas
31%
Lake St Clair-Ontario
31%
San Luis Potosi-Zacatecas
31%
Belize-Campeche
31%
Aguascalientes-Jalisco
31%
Guanajuato-San Luis Potosi
30%
Aguascalientes-Zacatecas
30%
Mexico-Michoacan
30%
Mexico-Morelos
30%
Mexico-Tlaxcala
29%
Northwest Passages-Quebec
29%
Guanajuato-Jalisco
29%
Guerrero-Morelos
29%
Guanajuato-Michoacan
29%
Hidalgo-San Luis Potosi
29%
Northwest Passages-Nunavut
29%
Coahuila-San Luis Potosi
29%
Puebla-Tlaxcala
28%
Hidalgo-Puebla
28%
Mexico-Queretaro
28%
Hidalgo-Tlaxcala
27%
Guanajuato-Queretaro
27%
Hidalgo-Queretaro
27%
Queretaro-San Luis Potosi
27%
Morelos-Puebla
27%
Michoacan-Queretaro
26%
Mexico City DF-Morelos
25%
Newfoundland-Nunavut
24%
Nayarit-Zacatecas
23%
Jalisco-San Luis Potosi
20%
Guanajuato-Zacatecas
20%

Score Distribution

Percentile by Number Answered

Percent of People with Each Score

Your Score History

You have not taken this quiz since the last reset